Let's chant, let's sing

This work presents chants and songs for children, which reinforce important points and/or grammatical structures in American English.

में बचाया:
ग्रंथसूची विवरण
मुख्य लेखक: Graham, Carolyn
स्वरूप: पुस्तक
भाषा:Undetermined
प्रकाशित: Oxford Oxford University Press 1994
विषय:
टैग : टैग जोड़ें
कोई टैग नहीं, इस रिकॉर्ड को टैग करने वाले पहले व्यक्ति बनें!
Thư viện lưu trữ: Trung tâm Học liệu Trường Đại học Cần Thơ
LEADER 00683nam a2200217Ia 4500
001 CTU_120399
008 210402s9999 xx 000 0 und d
082 |a 428.24 
082 |b G738/Vol.2 
100 |a Graham, Carolyn 
245 0 |a Let's chant, let's sing 
245 0 |c Carolyn Graham 
260 |a Oxford 
260 |b Oxford University Press 
260 |c 1994 
520 |a This work presents chants and songs for children, which reinforce important points and/or grammatical structures in American English. 
650 |a English language 
650 |x Study and teaching 
904 |i M.Loan 
915 |a 400 
980 |a Trung tâm Học liệu Trường Đại học Cần Thơ